Defects and deterioration in buildings
Պահպանված է:
| Հիմնական հեղինակ: | |
|---|---|
| Ձևաչափ: | Գիրք |
| Լեզու: | անգլերեն |
| Հրապարակվել է: |
Routledge
2001
|
| Ցուցիչներ: |
Ավելացրեք ցուցիչ
Չկան պիտակներ, Եղեք առաջինը, ով նշում է այս գրառումը!
|
MARC
| LEADER | 00000nam a22000007a 4500 | ||
|---|---|---|---|
| 008 | 240124b |||||||| |||| 00| 0 eng d | ||
| 020 | |a 9780419252108 | ||
| 100 | |a RICHARDSON, Barry A. | ||
| 245 | |a Defects and deterioration in buildings |c /Barry A. Richardson |g xv, 203p | ||
| 250 | |b 2nd | ||
| 260 | |b Routledge |c 2001 |h London |i 700291 |i 700292 |l TH441..R36 |m Building failures |m Building -Protection | ||
| 500 | |a it include references and index | ||
| 942 | |a lcc |c BK |e Johnson |f 24/1/24 | ||
| 952 | |0 0 |1 0 |2 lcc |4 0 |7 0 |9 4828 |a EDM |b HOL |c QZ |d 2024-01-24 |l 0 |o TH441..R36 |p 2024-0081 |r 2024-01-24 00:00:00 |t 700291 |w 2024-01-24 |y BK | ||
| 952 | |0 0 |1 0 |2 lcc |4 0 |7 0 |9 4829 |a HOL |b HOL |c QZ |d 2024-01-24 |l 0 |o TH441..R36 |p 2024-0082 |r 2024-01-24 00:00:00 |t 700292 |w 2024-01-24 |y BK | ||
| 999 | |c 2410 |d 2410 | ||